000
00303nam a22001337a 4500
008
181009b xxu||||| |||| 00| 0 eng d
020
_a
9780721670065
041
_a
eng
080
_2
2nd
_a
610.73
100
_a
2
101
_a
INF
245
_a
Medical-Surgical Nursing
_c
Monahan,E.D
942
_2
udc
_c
BK
999
_c
49105
_d
49105